| 000 | 01200nam a22002897a 4500 | ||
|---|---|---|---|
| 001 | BD-DhSAU 8665 | ||
| 003 | BD-DhSAU | ||
| 005 | 20181218104651.0 | ||
| 008 | 150613b2016 bg a|||| m||| 00| 0 eng d | ||
| 040 | _aBD-DhSAU | ||
| 082 |
_222 _a595.7 _bAk79 |
||
| 100 |
_aAkter , Benjir _4Registration No. #15-06873 |
||
| 245 |
_a Effectiveness of some Plant materials against Jute yellow mite,Polyphagotarsonemus Latus on Corchorus Olitorius .
/ _cAkter , Benjir _bMs Thesis |
||
| 260 |
_aSher-e-Bangla Agricultural University : _bDepartment of Entomology, _c2016. |
||
| 300 |
_avi, 79 p. : _bill. ; _c30 cm. |
||
| 500 | _aMS thesis of Department of Entomology, Faculty of Agriculture, Sher-e-Bangla Agricultural University, Dhaka, Bangladesh | ||
| 504 | _aIncludes bibliographical references. | ||
| 590 | _aShofi | ||
| 650 | _aEntomology | ||
| 650 | _a Plant materials | ||
| 650 | _aJute yellow mite | ||
| 650 | _aPolyphagotarsonemus Latus on Corchorus Olitorius | ||
| 700 |
_aAli , Mohammed _eSuperviser |
||
| 700 |
_a Islam , Md. Nazrul _eCo-superviser |
||
| 856 |
_uhttp://archive.saulibrary.edu.bd:8080/xmlui/handle/123456789/1646 _yOnline Access |
||
| 942 |
_2ddc _cTHESIS |
||
| 999 |
_c14159 _d14158 |
||